Industrial building : planning and design (Record no. 8208)

000 -LEADER
fixed length control field 00343nam a22001337a 4500
003 - CONTROL NUMBER IDENTIFIER
control field OSt
005 - DATE AND TIME OF LATEST TRANSACTION
control field 20200812165647.0
008 - FIXED-LENGTH DATA ELEMENTS--GENERAL INFORMATION
fixed length control field 200812b ||||| |||| 00| 0 eng d
020 ## - INTERNATIONAL STANDARD BOOK NUMBER
International Standard Book Number 9789881566454
082 ## - DEWEY DECIMAL CLASSIFICATION NUMBER
Classification number 725.4
Item number WEY
245 ## - TITLE STATEMENT
Title Industrial building : planning and design
260 ## - PUBLICATION, DISTRIBUTION, ETC. (IMPRINT)
Place of publication, distribution, etc Hong Kong
Name of publisher, distributor, etc Design media publishing
Date of publication, distribution, etc 2013
942 ## - ADDED ENTRY ELEMENTS (KOHA)
Source of classification or shelving scheme
Holdings
Withdrawn status Lost status Source of classification or shelving scheme Damaged status Koha normalized classification for sorting Not for loan Permanent location Current location Date acquired Total Checkouts Full call number Barcode Date last seen Date last borrowed Price effective from Koha item type
        725_400000000000000_WEY   BMS College of Architecture, Design and Planning BMS College of Architecture, Design and Planning 2020-08-12 2 725.4 WEY AR-PG341 2024-03-30 2024-03-11 2020-08-12 PG Books
Copyright © 2025, The Librarian, Library and Information Centre, BMSCA D&P, Bengaluru. All Rights Reserved
web counter

Powered by Koha